Job satisfaction of academic staff in the mass communication colleges in Egypt / (رقم التسجيلة. 60463)
[ عرض عادي ]
| 000 -LEADER | |
|---|---|
| fixed length control field | 02560cam a2200337 a 4500 |
| 003 - CONTROL NUMBER IDENTIFIER | |
| control field | EG-GiCUC |
| 005 - DATE AND TIME OF LATEST TRANSACTION | |
| control field | 20250223031710.0 |
| 008 - FIXED-LENGTH DATA ELEMENTS--GENERAL INFORMATION | |
| fixed length control field | 170401s2016 ua f m 000 0 eng d |
| 040 ## - CATALOGING SOURCE | |
| Original cataloging agency | EG-GiCUC |
| Language of cataloging | eng |
| Transcribing agency | EG-GiCUC |
| 041 0# - LANGUAGE CODE | |
| Language code of text/sound track or separate title | eng |
| 049 ## - LOCAL HOLDINGS (OCLC) | |
| Holding library | Deposite |
| 097 ## - Thesis Degree | |
| Thesis Level | M.Sc |
| 099 ## - LOCAL FREE-TEXT CALL NUMBER (OCLC) | |
| Classification number | Cai01.15.03.M.Sc.2016.Ta.J |
| 100 0# - MAIN ENTRY--PERSONAL NAME | |
| Personal name | Tamanny Raafat Elnashar |
| 245 10 - TITLE STATEMENT | |
| Title | Job satisfaction of academic staff in the mass communication colleges in Egypt / |
| Statement of responsibility, etc. | Tamanny Raafat Elnashar ; Supervised Hanan Farouk Gunied , Reem Adel |
| 246 15 - VARYING FORM OF TITLE | |
| Title proper/short title | الرضا الوظيفى لدى أعضاء هيئة التدريس الأكاديمى بمجال الاتصال |
| 260 ## - PUBLICATION, DISTRIBUTION, ETC. | |
| Place of publication, distribution, etc. | Cairo : |
| Name of publisher, distributor, etc. | Tamanny Raafat Elnashar , |
| Date of publication, distribution, etc. | 2016 |
| 300 ## - PHYSICAL DESCRIPTION | |
| Extent | 250 Leaves ; |
| Dimensions | 30cm |
| 502 ## - DISSERTATION NOTE | |
| Dissertation note | Thesis (M.Sc.) - Cairo University - Faculty of Mass Communication - Department of Public Relations and Advertising |
| 520 ## - SUMMARY, ETC. | |
| Summary, etc. | The purpose of this study is to conduct a survey to identify the degree of the job satisfaction among the mass communication academic staff in the Egyptian universities, to determine the factors affecting their job satisfaction and to explore the relationship between job satisfaction and job performance of the mass communication academic staff. This study also aims to identify the job satisfaction criteria and investigate the demographic variables that influence the job satisfaction and job performance of the mass communication academic staff. The importance of this research contributes to studying the job satisfaction as being an important factor influencing any successful organization, or any organization that places success in the list of its priorities. Besides, the significance of this study is being related to the opinion makers in this country; the academic staff in the mass communication colleges in the Egyptian universities, who set the agenda for the future generations who are the nucleus of this community and the backbone of this nation. Four research questions directed this study. Five Hypotheses were tested. Three hundred mass communication academic staff members were randomly assigned as participants and represented all 16 Egyptian universities; governmental and private |
| 530 ## - ADDITIONAL PHYSICAL FORM AVAILABLE NOTE | |
| Additional physical form available note | Issued also as CD |
| 653 #4 - INDEX TERM--UNCONTROLLED | |
| Uncontrolled term | Job performance |
| 653 #4 - INDEX TERM--UNCONTROLLED | |
| Uncontrolled term | Job satisfaction |
| 653 #4 - INDEX TERM--UNCONTROLLED | |
| Uncontrolled term | Mass communication colleges |
| 700 0# - ADDED ENTRY--PERSONAL NAME | |
| Personal name | Hanan Farouk Gunied , |
| Relator term | |
| 700 0# - ADDED ENTRY--PERSONAL NAME | |
| Personal name | Reem Adel , |
| Relator term | |
| 856 ## - ELECTRONIC LOCATION AND ACCESS | |
| Uniform Resource Identifier | <a href="http://172.23.153.220/th.pdf">http://172.23.153.220/th.pdf</a> |
| 905 ## - LOCAL DATA ELEMENT E, LDE (RLIN) | |
| Cataloger | Nazla |
| Reviser | Revisor |
| 905 ## - LOCAL DATA ELEMENT E, LDE (RLIN) | |
| Cataloger | Samia |
| Reviser | Cataloger |
| 942 ## - ADDED ENTRY ELEMENTS (KOHA) | |
| Source of classification or shelving scheme | Dewey Decimal Classification |
| Koha item type | Thesis |
| Source of classification or shelving scheme | Not for loan | Home library | Current library | Date acquired | Full call number | Barcode | Date last seen | Koha item type | Copy number |
|---|---|---|---|---|---|---|---|---|---|
| Dewey Decimal Classification | المكتبة المركزبة الجديدة - جامعة القاهرة | قاعة الرسائل الجامعية - الدور الاول | 11.02.2024 | Cai01.15.03.M.Sc.2016.Ta.J | 01010110071399000 | 22.09.2023 | Thesis | ||
| Dewey Decimal Classification | المكتبة المركزبة الجديدة - جامعة القاهرة | مخـــزن الرســائل الجـــامعية - البدروم | 11.02.2024 | Cai01.15.03.M.Sc.2016.Ta.J | 01020110071399000 | 22.09.2023 | CD - Rom | 71399.CD |